The Largest Deserts in the World (by area) - Statistics

General Stats
  • This quiz has been taken 19 times
  • The average score is 5 of 10
Answer Stats
Answer % Correct
Sahara
100%
Gobi Desert
94%
Kalahari Desert
88%
Antarctic Desert
44%
Great Sandy Desert
44%
Arctic Desert
38%
Arabian Desert
31%
Great Victoria Desert
31%
Patagonian Desert
19%
Taklamakan Desert
13%
No matching quizzes found
Score Distribution
Percent of People with Each Score
Percentile by Number Answered
Your Score History
You have not taken this quiz